ბათუმის შოთა რუსთაველის სახელმწიფო უნივერსიტეტის ბიბლიოთეკა

საქართველოს დემოკრატიული რესპუბლიკის 1921 წლის კონსტიტუცია (ბიბ.ჩანაწერი № 42270)

000 -LEADER
fixed length control field 00955nam a2200229Ia 4500
001 - CONTROL NUMBER
control field 8965
003 - CONTROL NUMBER IDENTIFIER
control field GE_BSU
008 - FIXED-LENGTH DATA ELEMENTS--GENERAL INFORMATION
fixed length control field 181216s||||||||xx |||||||||||||| ||und||
020 ## - INTERNATIONAL STANDARD BOOK NUMBER
International Standard Book Number 9789941052972
040 ## - CATALOGING SOURCE
Transcribing agency GE_BSU
080 ## - UNIVERSAL DECIMAL CLASSIFICATION NUMBER
Universal Decimal Classification number 342.4(479.22)''1921''
245 ## - TITLE STATEMENT
Title საქართველოს დემოკრატიული რესპუბლიკის 1921 წლის კონსტიტუცია
245 ## - TITLE STATEMENT
Statement of responsibility, etc. შესავალი გიორგი პაპუაშვილი
250 ## - EDITION STATEMENT
Edition statement მე–2გამოც.
260 ## - PUBLICATION, DISTRIBUTION, ETC.
Place of publication, distribution, etc. ბათუმი
260 ## - PUBLICATION, DISTRIBUTION, ETC.
Name of publisher, distributor, etc. შპს"ფავორიტი პრინტი
260 ## - PUBLICATION, DISTRIBUTION, ETC.
Date of publication, distribution, etc. 2013
300 ## - PHYSICAL DESCRIPTION
Extent 80გვ.25სმ.
300 ## - PHYSICAL DESCRIPTION
Accompanying material ფოტომასალა:გვ.62-80
653 ## - INDEX TERM--UNCONTROLLED
Uncontrolled term საქართველოს დემოკრატიული რესპუბლიკის 1921 წლის კონსტიტუცია
942 ## - ADDED ENTRY ELEMENTS (KOHA)
Koha item type წიგნი
ეგზემპლარები
Withdrawn status Lost status Damaged status Not for loan Date acquired Barcode Date last seen Price effective from Koha item type
        2018-12-17 31582 2018-12-17 2018-12-17 წიგნი